000 00534pab a2200193 454500
008 180718b2014 xxu||||| |||| 00| 0 eng d
100 _aMcLendon, Michael K.
245 _aInsight and implications for state policy makers
260 _c2014
300 _ap.200-230.
362 _aSep
650 _aHigher education
650 _aState and education
700 _aKlein, Michael W.
700 _aPerna, Laura W.
773 _aAnnals of the American Academy of Political and Social Science
908 _aN
909 _a105161
999 _c105156
_d105156